000 01255cai a22001935a 4500
001 L146286
008 090105u xxk g f000 0 eng d
035 _a(Sirsi) u146286
041 0 _aeng
110 2 _aHomes and Communities Agency
_bHomes and Communities Academy
_95681
245 0 0 _aClimate change planning guidance
_h[electronic resource]
520 _aThis microsite presents an online version of content from the practice guide to support the 'Climate Change Planning Policy Statement' (PPS1). It is intended as a companion guide and should not be taken as a policy document. Sections included are: developing and implementing regional and local spatial planning, implementing regional policy and procedures, implementing local policy and procedures and preparing and determining planning applications. Looks in some detail at how climate change should influence planning law.
590 _aKA
650 2 4 _aPLANNING POLICY STATEMENT 1 (DELIVERING SUSTAINABLE DEVELOPMENT)
651 4 _aEngland and Wales
_y1543-
690 _aENVIRONMENTAL AND LAND CONSULTANCY-PLANNING AND DEVELOPMENT-STRATEGIC PLANNING
856 4 0 _uhttps://www.pas.gov.uk/pas/core/page.do?pageId=94314
_zView the item free of charge online at www.pas.gov.uk...
942 _n0
999 _c120756
_d120756